000 01426njm a2200301 i 4500
001 5040
003 ES-MaACL
005 20250822215242.0
007 s|r|||||||||||
008 070913s1984 sp ||| g ||||||||1|nspa d
100 1 _aCaro Baroja, Julio,
_d1914-1995
_935403
245 1 3 _aEl Ateneo en la cultura española de este siglo
_h[Grabación sonora] /
_cinterviene Julio Caro Baro ; palabras introductorias de César Navarro de Francisco.
260 _aMadrid :
_bAteneo de Madrid,
_c1984.
300 _a1 disco (CD-DA) (1 h. 3 min. 23 seg.) ;
_c12 cm.
490 1 _aI Centenario del Ateneo de Madrid en su sede actual
500 _aDatos basados en la invitación.
500 _aInauguración del ciclo.
518 _aActo organizado por el Ateneo de Madrid contado con la asistencia de SS.MM. los Reyes Don Juan Carlos I y Doña Sofía, grabado en el salón de actos el lunes, 7 de mayo de 1984, a las 19:00 h.
610 0 4 _aAteneo de Madrid-
_xActos culturales-
_y1984-
_vGrabaciones sonoras
_91899
700 1 _aNavarro de Francisco, César,
_d1932-
_985113
700 0 _aJuan Carlos
_bI,
_cRey de España
_967108
700 0 _aSofía,
_cReina consorte de Juan Carlos I, Rey de España
_9107022
710 2 _aAteneo de Madrid.
_91875
830 0 0 _aI Centenario del Ateneo de Madrid en su sede actual
_9176776
852 _aES-MaACL
_jROT 6/1/15
_95157
_cROT
942 _2udc
999 _c5040
_d5040